| 000 | 00734nam a2200181Ia 4500 | ||
|---|---|---|---|
| 008 | 100921s9999 xx 000 0 und d | ||
| 082 |
_b3029 _a808.5 0 |
||
| 100 | _aसहस्त्रबुध्दे दि.ह. | ||
| 245 | _aलोकशाहीत वक्तृत्वाचे स्थान. | ||
| 260 |
_bनवलेखन प्रकाशन, नागपूर. _c0 |
||
| 300 |
_a32 _b--- |
||
| 365 | _b0.5 | ||
| 520 | _aललित-भाषणकला. | ||
| 630 | _aलोकशाहीत वक्तृत्वाचे स्थान. | ||
| 650 | _aललित-भाषणकला. | ||
| 730 | _aलोकशाहीत वक्तृत्वाचे स्थान. | ||
| 942 | _cBOOK | ||
| 999 |
_c752142 _d752139 |
||